000 01154nam a2200313 a 4500
001 86333
003 BD-RjUL
005 20260407144709.0
008 260407r20242020ii a 001 0 eng
020 _a9789355324702
020 _a9781259969515
_q(alk. paper)
035 _a(BD-RjUL)86333
040 _aDLC
_beng
_cDLC
_erda
_dDLC
_dBD-RjUL
041 _aeng
082 0 0 _223
_a658.1511
_bHIM 2024
100 1 _aHilton, Ronald W.,
_eauthor.
_918057
245 1 0 _aManagerial accounting :
_bcreating value in a dynamic business environment /
_cRonald W. Hilton, Cornell University, David E. Platt, University of Texas at Austin.
250 _aTwelfth Edition.
264 1 _aChennai ;
_aNew York, NY :
_bMcGraw-Hill Education (India),
_cc2020,[reprinting 2024]
300 _axxxi, 844 pages :
_bcolor illustrtions ;
_c29 cm.
336 _atext
_btxt
_2rdacontent
337 _aunmediated
_bn
_2rdamedia
338 _avolume
_bnc
_2rdacarrier
500 _aRevised edition of the authors' Managerial accounting, [2017]
500 _aIncludes indexes.
650 0 _aManagerial accounting.
700 1 _aPlatt, David E.,
_eauthor.
_918058
942 _2ddc
_cBK
999 _c86333
_d86333